Valproate treatment and platelet function The role of arachidonate metabolites /

Purpose: Valproate (VPA) is an extensively used drug in the therapy of epilepsies. One of the most frequently reported side effects of VPA is hemorrhagic diathesis. Some authors emphasized the decreased platelet count as the basis of VPA-induced hemorrhagic diathesis, but some reports suggested that...

Teljes leírás

Elmentve itt :
Bibliográfiai részletek
Szerzők: Kis Béla
Szupera Zoltán
Mezei Zsófia
Gecse Árpád
Telegdy Gyula
Vécsei László
Dokumentumtípus: Cikk
Megjelent: 1999
Sorozat:EPILEPSIA 40 No. 3
doi:10.1111/j.1528-1157.1999.tb00709.x

mtmt:1032257
Online Access:http://publicatio.bibl.u-szeged.hu/10536
LEADER 02621nab a2200265 i 4500
001 publ10536
005 20221104101638.0
008 170214s1999 hu o 0|| zxx d
022 |a 0013-9580 
024 7 |a 10.1111/j.1528-1157.1999.tb00709.x  |2 doi 
024 7 |a 1032257  |2 mtmt 
040 |a SZTE Publicatio Repozitórium  |b hun 
041 |a zxx 
100 1 |a Kis Béla 
245 1 0 |a Valproate treatment and platelet function  |h [elektronikus dokumentum] :  |b The role of arachidonate metabolites /  |c  Kis Béla 
260 |c 1999 
300 |a 307-310 
490 0 |a EPILEPSIA  |v 40 No. 3 
520 3 |a Purpose: Valproate (VPA) is an extensively used drug in the therapy of epilepsies. One of the most frequently reported side effects of VPA is hemorrhagic diathesis. Some authors emphasized the decreased platelet count as the basis of VPA-induced hemorrhagic diathesis, but some reports suggested that a significant proportion of patients with normal platelet count may still have an altered platelet function. The mechanism of the VPA-induced platelet dysfunction has not yet been elucidated. A determining element of platelet functions is the arachidonate cascade. Present ex vivo experiments were designed to determine whether a relation exists between the incidence of hemostasis caused by VPA and the effect of this drug on the arachidonate cascade of platelets. Methods: Platelets were isolated from patients receiving long-term VPA treatment (serum level, 36.04 +/- 16.12 mu g/ml; n = 10) or carbamazepine (CBZ) treatment (serum level, 5.24 +/- 2.67 mu g/ml; n = 10) and were labeled with [C-14]arachidonic acid. (CBZ-treated patients were chosen as a control group, because CBZ causes blood dyscrasias similar to those elicited by VPA, but there has been no report that CBZ induces a platelet dysfunction.) The C-14-eicosanoids were separated by means of overpressure thin-layer chromatography and determined quantitatively by liquid scintillation. Results: Even when the mean plasma concentration of the drug was low, VPA treatment reduced the activity of the arachidonate cascade in platelets. VPA effectively inhibited the cyclooxygenase pathway and the synthesis of the strong platelet aggregator thromboxane A(2). Conclusions: Inhibition of the platelet arachidonate cascade may contribute to the platelet-function alterations caused by VPA. 
700 0 1 |a Szupera Zoltán  |e aut 
700 0 1 |a Mezei Zsófia  |e aut 
700 0 1 |a Gecse Árpád  |e aut 
700 0 1 |a Telegdy Gyula  |e aut 
700 0 1 |a Vécsei László  |e aut 
856 4 0 |u http://publicatio.bibl.u-szeged.hu/10536/1/Kis_et_al_1999_Epilepsia_u.pdf  |z Dokumentum-elérés